Normal view
MARC view
- Cattell, Psyche
Entry Personal Name
001 - CONTROL NUMBER
- control field: 21506
003 - CONTROL NUMBER IDENTIFIER
- control field: OSt
005 - DATE AND TIME OF LATEST TRANSACTION
- control field: 20110410103648.0
008 - FIXED-LENGTH DATA ELEMENTS
- fixed length control field: 110410|||a|||||| | ||| d
040 ## - CATALOGING SOURCE
- Original cataloging agency: OSt
- Transcribing agency: OSt
100 ## - HEADING--PERSONAL NAME
- Personal name: Cattell, Psyche
670 ## - SOURCE DATA FOUND
- Source citation: Work cat.: (OSt): Cattell, Psyche , The measurement of intelligence of infants and young children, 1960
670 ## - SOURCE DATA FOUND
- Source citation: Work cat.: (OSt): Cattell, Psyche , The measurement of intelligence of infants and young children, 1960
